Engineering economy (Record no. 4218)

000 -LEADER
fixed length control field 00580nam a2200229 i 4500
001 - CONTROL NUMBER
control field 4218
003 - CONTROL NUMBER IDENTIFIER
control field BD-DhUET
008 - FIXED-LENGTH DATA ELEMENTS--GENERAL INFORMATION
fixed length control field 780213s1979 nyua b 001 0 eng
020 ## - INTERNATIONAL STANDARD BOOK NUMBER
International Standard Book Number 002328160X
040 ## - CATALOGING SOURCE
Original cataloging agency DLC
Transcribing agency DLC
Modifying agency BD-DhUET
082 ## - DEWEY DECIMAL CLASSIFICATION NUMBER
Classification number 658.92
Item number DEG/1979
100 1# - MAIN ENTRY--PERSONAL NAME
Personal name DeGarmo, E. Paul
245 10 - TITLE STATEMENT
Title Engineering economy
250 ## - EDITION STATEMENT
Edition statement 6th ed.
260 ## - PUBLICATION, DISTRIBUTION, ETC. (IMPRINT)
Place of publication, distribution, etc. London
Name of publisher, distributor, etc. Macmillan
Date of publication, distribution, etc. 1979
300 ## - PHYSICAL DESCRIPTION
Extent xv, 576p.
Other physical details ill.
Dimensions 24 cm.
504 ## - BIBLIOGRAPHY, ETC. NOTE
Bibliography, etc Includes bibliographies
650 #0 - SUBJECT ADDED ENTRY--TOPICAL TERM
Topical term or geographic name as entry element Engineering economy
700 ## - ADDED ENTRY--PERSONAL NAME
Personal name Canada, John R.
700 ## - ADDED ENTRY--PERSONAL NAME
Personal name Sullivan, William G.
942 ## - ADDED ENTRY ELEMENTS (KOHA)
Koha item type General Book
Holdings
Location (home branch) Koha date last seen Piece designation (barcode) Koha item type Copy number Not for loan Lost status Date acquired Koha normalized classification for sorting Koha date last borrowed Damaged status Koha full call number Shelving location Price effective from Withdrawn status Source of classification or shelving scheme Sublocation or collection (holding branch) Koha issues (times borrowed)
Central Library, BUET2024-12-0371365General Book1  2014-11-13658_920000000000000_DEG_19792024-10-28 658.92/DEG/1979Circulation section2014-11-13  Central Library, BUET1
Central Library, BUET2015-02-2865414General Book2  2015-02-28658_920000000000000_DEG_1979  658.92/DEG/1979Circulation section2015-02-28  Central Library, BUET 
Central Library, BUET2015-02-2865112General Book3  2015-02-28658_920000000000000_DEG_1979  658.92/DEG/1979Circulation section2015-02-28  Central Library, BUET 
Central Library, BUET2015-02-2865410General Book4  2015-02-28658_920000000000000_DEG_1979  658.92/DEG/1979Circulation section2015-02-28  Central Library, BUET 
Central Library, BUET2015-02-2865107General Book5  2015-02-28658_920000000000000_DEG_1979  658.92/DEG/1979Circulation section2015-02-28  Central Library, BUET 
Central Library, BUET2015-03-0414958General Book6  2015-03-04658_920000000000000_DEG_1979  658.92/DEG/1979Circulation section2015-03-04  Central Library, BUET